000 00977nam a2200289 i 4500
001 bg
100 1 _aKOŻUCH, Barbara
_d(1950- )
245 1 0 _aPolityka rolna :
_bpodręcznik dla technikum i szkoły policealnej /
_cBarbara Kożuch, Antoni Kożuch.
260 _aWarszawa :
_bWydawnictwa Szkolne i Pedagogiczne,
_ccop. 2000.
300 _a151, [1] s. ;
_c24 cm.
490 1 _aAgrobiznes
504 _aBibliogr.
521 _aDla kl. II i IV wszystkich typów szkół rolniczych.
650 9 _aRolnictwo
_xpolityka
650 9 _aRolnictwo
_xpolityka
_zPolska
_yod 1989 r.
655 _aPodręczniki dla szkół zawodowych
700 1 _aKOŻUCH, Antoni
830 _aAgrobiznes
020 _a8302078697
040 _cBPK
041 0 _apl
080 _a338.43(438)"1989/..."(075.3.053.7)
920 _a83-02-07869-7
942 _cKS
008 s pl f |000 0 pol
999 _c39241
_d39241
856 _uhttp://koha.tu.koszalin.pl/cgi-bin/koha/opac-detail.pl?biblionumber=39241
_yKatalog online BPK